ბათუმის შოთა რუსთაველის სახელმწიფო უნივერსიტეტის ბიბლიოთეკა

ახალი ისტორია 1815-1871 წლები.ნაკ.III (ბიბ.ჩანაწერი № 34787)

000 -LEADER
fixed length control field 00892nam a2200253Ia 4500
001 - CONTROL NUMBER
control field 597
003 - CONTROL NUMBER IDENTIFIER
control field GE_BSU
008 - FIXED-LENGTH DATA ELEMENTS--GENERAL INFORMATION
fixed length control field 181216s||||||||xx |||||||||||||| ||und||
020 ## - INTERNATIONAL STANDARD BOOK NUMBER
International Standard Book Number 5511007951
040 ## - CATALOGING SOURCE
Transcribing agency GE_BSU
080 ## - UNIVERSAL DECIMAL CLASSIFICATION NUMBER
Universal Decimal Classification number 94(100)(075.8)
100 ## - MAIN ENTRY--PERSONAL NAME
Personal name თვალავაძე,ვაჟა
245 ## - TITLE STATEMENT
Title ახალი ისტორია 1815-1871 წლები.ნაკ.III
245 ## - TITLE STATEMENT
Remainder of title დამხმარე სახელმძღვანელო
245 ## - TITLE STATEMENT
Statement of responsibility, etc. რედ. გ. მანჯგალაძე
260 ## - PUBLICATION, DISTRIBUTION, ETC.
Place of publication, distribution, etc. თბილისი
260 ## - PUBLICATION, DISTRIBUTION, ETC.
Name of publisher, distributor, etc. თბილისის უნივერსიტეტის გამ–ბა
260 ## - PUBLICATION, DISTRIBUTION, ETC.
Date of publication, distribution, etc. 1998
300 ## - PHYSICAL DESCRIPTION
Extent 263გვ. 21 სმ.
653 ## - INDEX TERM--UNCONTROLLED
Uncontrolled term ახალი ისტორია 1815-1871 წლები.ნაკ.III
653 ## - INDEX TERM--UNCONTROLLED
Uncontrolled term ისტორია
942 ## - ADDED ENTRY ELEMENTS (KOHA)
Koha item type წიგნი
ეგზემპლარები
Withdrawn status Lost status Damaged status Not for loan Date acquired Barcode Date last seen Price effective from Koha item type Public note
        2018-12-17 1331 2018-12-17 2018-12-17 წიგნი  
        2018-12-17 00523 (8ლ.50თ.) 2018-12-17 2018-12-17 წიგნი ქსეროქსი